[Event "49. NSV Sen-EM 2015"]
[Site "Undeloh-Wesel"]
[Date "2015.07.19"]
[Round "1.2"]
[White "Zotin, Vladimir"]
[Black "Dr. Adibekian, Roubik"]
[Result "0-1"]
[WhiteElo "1719"]
[BlackElo "2043"]
[PlyCount "65"]

1. e4 d5 2. exd5 Nf6 3. Bb5+ Bd7 4. Bxd7+ Qxd7 5. c4 c6 6. dxc6 Nxc6 7. Nf3 e5
8. O-O Bd6 9. Nc3 O-O 10. d3 Rad8 11. Bg5 Be7 12. Bxf6 Bxf6 13. Nd5 Qf5 14. Qb3
Rd7 15. Rad1 Ne7 16. Nxe7+ Rxe7 17. Nd2 Rd7 18. Ne4 Be7 19. a3 Rfd8 20. h3 Qe6
21. Qc2 f5 22. Nc3 Bc5 23. b4 Bd4 24. Nd5 g5 25. Kh1 g4 26. Qe2 Rg7 27. h4 Qh6
28. g3 f4 29. Qe4 Rf8 30. Nxf4 Rxf4 31. gxf4 Qxh4+ 32. Kg1 g3 33. Kg2 0-1

[Event "49. NSV Sen-EM 2015"]
[Site "Undeloh-Wesel"]
[Date "2015.07.19"]
[Round "1.3"]
[White "Jentsch, Dieter"]
[Black "Merettig, Georg"]
[Result "1-0"]
[WhiteElo "2030"]
[BlackElo "1707"]
[PlyCount "67"]

1. e4 Nc6 2. d4 e5 3. Nf3 exd4 4. Nxd4 Bc5 5. Nb3 Bb6 6. Nc3 Nf6 7. Bg5 d6 8.
Be2 Qe7 9. O-O h6 10. Bh4 g5 11. Bg3 h5 12. Nd5 Nxd5 13. exd5 h4 14. dxc6 hxg3
15. hxg3 Qf6 16. Bh5 bxc6 17. Qf3 Qxf3 18. Bxf3 d5 19. c4 Be6 20. c5 Rh6 21. g4
f5 22. gxf5 Bxf5 23. Rfe1+ Kd7 24. g4 Be4 25. Bxe4 dxe4 26. Rad1+ Kc8 27. Rxe4
Kb7 28. cxb6 axb6 29. a3 Rah8 30. Kf1 c5 31. Rd5 Rh1+ 32. Ke2 Rb1 33. Rd2 Rh3
34. Re3 1-0

[Event "49. NSV Sen-EM 2015"]
[Site "Undeloh-Wesel"]
[Date "2015.07.19"]
[Round "1.4"]
[White "Stummeyer, Dieter"]
[Black "Grimm, Uwe"]
[Result "1-0"]
[WhiteElo "1742"]
[BlackElo "2062"]
[PlyCount "157"]

1. e4 Nc6 2. d4 e5 3. Nf3 exd4 4. Nxd4 Bc5 5. Be3 Qf6 6. c3 Nge7 7. Be2 d5 8.
Bf3 dxe4 9. Bxe4 O-O 10. Qf3 Bxd4 11. cxd4 Qxf3 12. Bxf3 Rd8 13. Na3 Nxd4 14.
O-O-O c5 15. Nb5 Bf5 16. Nxd4 cxd4 17. Bxd4 Nd5 18. Bxd5 Rxd5 19. Bc3 Be6 20.
a3 Rf5 21. Rd2 h5 22. Rhd1 Kh7 23. f3 Rc8 24. Rd4 Rc7 25. h3 a6 26. R1d2 Rg5
27. g4 Re5 28. Rf2 Bb3 29. Kd2 Rce7 30. Re4 Rxe4 31. fxe4 Rxe4 32. gxh5 Rh4 33.
Rg2 f6 34. Rg3 Bf7 35. Rd3 Rxh5 36. Rd7 Kg6 37. Rxb7 Rxh3 38. Ra7 Bc4 39. Bb4
Kh7 40. Bc3 Rd3+ 41. Kc2 Rd6 42. Bb4 Rc6 43. Bf8 Bf7+ 44. Kd3 Kg8 45. Be7 g5
46. Ke4 Kg7 47. b4 Kg6 48. Bc5 Bb3 49. Rb7 f5+ 50. Kd4 f4 51. b5 axb5 52. Rxb5
Bc2 53. Rb2 Bf5 54. Kd5 Ra6 55. Ke5 Re6+ 56. Kd5 Re1 57. a4 Ra1 58. Ke5 Bd7 59.
Rb6+ Kh5 60. Rb7 Bxa4 61. Rg7 Bc2 62. Be7 Bg6 63. Kd4 Re1 64. Bb4 Re8 65. Ra7
g4 66. Be7 g3 67. Ra5+ Kg4 68. Rg5+ Kf3 69. Bd6 Re4+ 70. Kd5 Bf7+ 71. Kc5 Be6
72. Rg6 Bg4 73. Kd5 Ra4 74. Rf6 g2 75. Bc5 Ra2 76. Bg1 Rc2 77. Kd4 Ra2 78. Bh2
Re2 79. Rxf4# 1-0

[Event "49. NSV Sen-EM 2015"]
[Site "Undeloh-Wesel"]
[Date "2015.07.19"]
[Round "1.8"]
[White "Newerla, Alfred"]
[Black "Piehl, Reinhard"]
[Result "0-1"]
[WhiteElo "1602"]
[BlackElo "1819"]
[PlyCount "44"]

1. e4 c5 2. Nf3 d6 3. d4 cxd4 4. Nxd4 Nf6 5. Nc3 a6 6. Be2 g6 7. O-O Bg7 8. h3
O-O 9. Be3 Bd7 10. Qd2 Nc6 11. Rad1 Qa5 12. a3 Rac8 13. Nb3 Qc7 14. Bh6 Bxh6
15. Qxh6 Ne5 16. Rd4 Be6 17. Nd5 Bxd5 18. exd5 Qxc2 19. Nd2 Kh8 20. Rh4 Rg8 21.
b4 g5 22. Ne4 Rg6 0-1

[Event "49. NSV Sen-EM 2015"]
[Site "Undeloh-Wesel"]
[Date "2015.07.19"]
[Round "1.10"]
[White "Buck, Klaus-Michael"]
[Black "Gerhardt, Peter-Michael"]
[Result "1/2-1/2"]
[WhiteElo "1582"]
[BlackElo "1796"]
[PlyCount "71"]

1. Nf3 g6 2. d4 Nf6 3. Bf4 Bg7 4. c4 O-O 5. Nc3 d5 6. cxd5 Nxd5 7. Bg3 c6 8. e3
Nd7 9. Bc4 N5b6 10. Bb3 Nf6 11. O-O Bg4 12. h3 Bf5 13. Be5 Qc8 14. Kh2 Be6 15.
Bxe6 Qxe6 16. Na4 Nbd7 17. Bxf6 exf6 18. Nc5 Qd6+ 19. Kh1 Nxc5 20. dxc5 Qxc5
21. Qd4 Qe7 22. Qc4 f5 23. Rab1 Rfd8 24. b4 Qe6 25. Qxe6 fxe6 26. Ng5 e5 27.
Ne6 Rd2 28. a4 Bf6 29. Rbd1 Rb2 30. Rb1 Rxb1 31. Rxb1 Kf7 32. Nc5 b6 33. Na6
Rd8 34. Rc1 Rd6 35. Nb8 e4 36. g3 1/2-1/2

[Event "49. NSV Sen-EM 2015"]
[Site "Undeloh-Wesel"]
[Date "2015.07.19"]
[Round "1.12"]
[White "Drechsel, Dieter"]
[Black "Cordes, Lothar"]
[Result "1/2-1/2"]
[WhiteElo "1488"]
[BlackElo "1762"]
[PlyCount "37"]

1. d4 Nf6 2. c4 e6 3. Nc3 Bb4 4. Qc2 d5 5. a3 Be7 6. cxd5 exd5 7. e3 O-O 8. Bd3
h6 9. Nge2 c6 10. Bd2 Re8 11. Ng3 Nbd7 12. Bf5 Nf8 13. Bd3 Bd6 14. Nce2 Bb8 15.
O-O Qc7 16. f3 Nh5 17. Rfe1 Qd6 18. Rac1 Nxg3 19. hxg3 1/2-1/2

[Event "49. NSV Sen-EM 2015"]
[Site "Undeloh-Wesel"]
[Date "2015.07.19"]
[Round "1.13"]
[White "Niemann, Gerd"]
[Black "Wraga, Teresa"]
[Result "1-0"]
[WhiteElo "1756"]
[BlackElo "1477"]
[PlyCount "51"]

1. e4 d6 2. d4 Nf6 3. Nc3 g6 4. Be2 Bg7 5. Be3 a6 6. Bf3 Nbd7 7. g4 Nb6 8. g5
Nfd7 9. Qe2 e5 10. d5 Nc5 11. h4 Nba4 12. Nxa4 Nxa4 13. Qc4 Nb6 14. Qb3 Nd7 15.
h5 b5 16. hxg6 fxg6 17. Qc3 Bb7 18. Nh3 O-O 19. Bg4 Nb6 20. Be6+ Kh8 21. Bxb6
cxb6 22. Qg3 h5 23. gxh6 Bf6 24. Qxg6 Bc8 25. Ng5 Qe7 26. Bf7 1-0

[Event "49. NSV Sen-EM 2015"]
[Site "Undeloh-Wesel"]
[Date "2015.07.19"]
[Round "1.14"]
[White "Wraga, Hermann"]
[Black "Gudat, Alfons"]
[Result "0-1"]
[WhiteElo "1409"]
[BlackElo "1754"]
[PlyCount "66"]

1. e4 c5 2. d3 Nc6 3. g3 Nf6 4. Nd2 e6 5. Bg2 Be7 6. Ngf3 O-O 7. O-O d5 8. Re1
b6 9. c3 Ba6 10. Bf1 Rc8 11. Qc2 d4 12. a4 e5 13. Nb1 Qd7 14. Na3 Rfd8 15. Ng5
dxc3 16. Bh3 Ng4 17. f3 Qd4+ 18. Kg2 Nb4 19. bxc3 Nxc2 20. cxd4 Nxe1+ 21. Kf1
cxd4 22. Kxe1 Rxc1+ 23. Rxc1 Bxg5 24. Rc7 Ne3 25. Rxa7 Bxd3 26. Rb7 Nc4 27.
Nxc4 Bxc4 28. Rxb6 d3 29. Kd1 d2 30. Rb1 Be3 31. Bd7 g6 32. Bb5 Ba2 33. Rb2 Rc8
0-1

[Event "49. NSV Sen-EM 2015"]
[Site "Undeloh-Wesel"]
[Date "2015.07.20"]
[Round "2.1"]
[White "Hilburt, Leonid"]
[Black "Dr. Dornieden, Manfred"]
[Result "1-0"]
[WhiteElo "1950"]
[BlackElo "2073"]
[PlyCount "111"]
[EventDate "2015.??.??"]
[WhiteTeam " Hannover 96"]
[BlackTeam "SK Union Oldenburg"]

1. e4 g6 2. d4 Bg7 3. f4 c5 4. Nf3 cxd4 5. Bc4 d5 6. exd5 Bg4 7. h3 Bxf3 8.
Qxf3 Qc7 9. Bb3 Nd7 10. O-O Ngf6 11. Re1 Nc5 12. Bc4 O-O 13. Qe2 Rfe8 14. Qe5
Qb6 15. Qe2 e6 16. dxe6 Nxe6 17. Qf2 Nc5 18. Bd3 Rxe1+ 19. Qxe1 Re8 20. Qd1
Nxd3 21. cxd3 Nd5 22. Na3 Ne3 23. Qf3 Qb4 24. Qe2 Kf8 25. Qd2 Qd6 26. Qf2 g5
27. fxg5 Nd1 28. Bf4 Qxa3 29. bxa3 Nxf2 30. Kxf2 Be5 31. Bd2 Ke7 32. Kf3 Kd6
33. Re1 Rc8 34. Rc1 Re8 35. Kg4 Kd5 36. Re1 Rc8 37. Kf5 Bg3 38. Rc1 Re8 39. Kg4
Bd6 40. Kf3 b5 41. h4 a5 42. Rb1 Kc6 43. Re1 Rxe1 44. Bxe1 a4 45. Bb4 Be5 46.
Ke4 Bg7 47. Be7 Kd7 48. Bc5 f6 49. Bxd4 f5+ 50. Kd5 Bf8 51. Bc5 Bg7 52. d4 Bh8
53. h5 Bg7 54. h6 Bh8 55. Bd6 Ke8 56. Be5 1-0

[Event "49. NSV Sen-EM 2015"]
[Site "Undeloh-Wesel"]
[Date "2015.07.20"]
[Round "2.2"]
[White "Dr. Adibekian, Roubik"]
[Black "Krneta, Slavko"]
[Result "1/2-1/2"]
[WhiteElo "2055"]
[BlackElo "1826"]
[PlyCount "160"]
[EventDate "2015.??.??"]
[WhiteTeam " Hannover 96"]
[BlackTeam "FG Wohlde"]

1. d4 g6 2. c4 Bg7 3. Nf3 d6 4. h3 Nd7 5. e4 e5 6. Nc3 Ne7 7. Be2 O-O 8. O-O
Nc6 9. d5 Ne7 10. Bg5 f6 11. Bh4 Rf7 12. Nd2 g5 13. Bg3 Nf8 14. Bg4 Bxg4 15.
hxg4 Neg6 16. f3 Nf4 17. Nb3 b6 18. Bh2 h6 19. g3 N4g6 20. Kg2 Bh8 21. Bg1 Rh7
22. Be3 Rf7 23. Rh1 Bg7 24. Qd2 Qd7 25. a4 a5 26. Bf2 Qc8 27. Nd1 Nd7 28. Ne3
Ne7 29. Nf5 Nxf5 30. gxf5 Qa6 31. Qe2 Nc5 32. Nd2 Qc8 33. b3 Qe8 34. Rab1 Bf8
35. Rh5 Re7 36. Rbh1 Rh7 37. Qd1 Bg7 38. Nf1 Qf8 39. Ne3 Kf7 40. Ng4 Rh8 41.
Qc2 Rb8 42. Be3 Re8 43. Nf2 Qe7 44. Re1 Kf8 45. Nd1 Qf7 46. g4 Ra8 47. Nc3 Qd7
48. Nb5 Nb7 49. Qc3 Ke7 50. Reh1 Nd8 51. Ra1 Nf7 52. b4 axb4 53. Qxb4 Ra6 54.
Rhh1 Rha8 55. Ra3 Nd8 56. Rha1 Nb7 57. Nc3 Rh8 58. Qb5 Ra5 59. Qxd7+ Kxd7 60.
Nb5 Rha8 61. Bd2 R5a6 62. Bb4 Bf8 63. Nc3 Bg7 64. Kf2 Bf8 65. Ke3 Bg7 66. Kd3
Rh8 67. Rh1 Rha8 68. Ra2 Nd8 69. Nb5 Rxa4 70. Rxa4 Rxa4 71. Bd2 Nb7 72. Rc1 Ra2
73. Nc3 Nc5+ 74. Ke2 Ra8 75. Rb1 Nb7 76. Kd3 Nc5+ 77. Kc2 Kc8 78. Be3 Nd7 79.
Kb3 Kb7 80. Bf2 Bf8 1/2-1/2

[Event "49. NSV Sen-EM 2015"]
[Site "Undeloh-Wesel"]
[Date "2015.07.20"]
[Round "2.3"]
[White "Piehl, Reinhard"]
[Black "Jentsch, Dieter"]
[Result "0-1"]
[WhiteElo "1819"]
[BlackElo "2046"]
[PlyCount "66"]
[EventDate "2015.??.??"]
[WhiteTeam "SC Sottrum"]
[BlackTeam "SC Wolfsburg"]

1. c4 e5 2. g3 Nc6 3. Bg2 Nf6 4. Nc3 d6 5. d3 Be7 6. e3 O-O 7. Nge2 Bg4 8. h3
Bf5 9. O-O Qd7 10. Kh2 Bg6 11. a3 a5 12. f4 Ne8 13. Nd5 f5 14. Nxe7+ Qxe7 15.
Qb3 Nd8 16. Bxb7 Nxb7 17. Qxb7 Nf6 18. Qg2 Rab8 19. Nc3 Bf7 20. fxe5 dxe5 21.
e4 fxe4 22. Nxe4 Nxe4 23. Qxe4 Rfd8 24. Rf3 Bg6 25. Qe2 Qd6 26. Bg5 Bxd3 27.
Qf2 e4 28. c5 Qe5 29. Rf5 Rf8 30. Rxf8+ Rxf8 31. Bf4 Qf6 32. Qd2 Rb8 33. Qc3
Rxb2+ 0-1

[Event "49. NSV Sen-EM 2015"]
[Site "Undeloh-Wesel"]
[Date "2015.07.20"]
[Round "2.4"]
[White "Gudat, Alfons"]
[Black "Kiselev, Alexander"]
[Result "0-1"]
[WhiteElo "1754"]
[BlackElo "1984"]
[PlyCount "55"]
[EventDate "2015.??.??"]
[WhiteTeam "SK Union Oldenburg"]
[BlackTeam " Hannover 96"]

1. Nf3 Nf6 2. d4 g6 3. c4 c5 4. Nc3 cxd4 5. Nxd4 Bg7 6. e4 d6 7. Be2 O-O 8. O-O
Bd7 9. Be3 Nc6 10. Nb3 b6 11. f3 Rc8 12. Rc1 Ne5 13. Nd5 Ba4 14. Qd2 e6 15.
Nxf6+ Bxf6 16. Rfd1 Nc6 17. Bh6 Re8 18. Be3 Qe7 19. Re1 Bxb3 20. axb3 Na5 21.
Bd1 Red8 22. Bd4 Bxd4+ 23. Qxd4 Qc7 24. Bc2 Qc5 25. Qxc5 dxc5 26. Red1 Nc6 27.
Rd7 Re8 28. Rd8 0-1

[Event "49. NSV Sen-EM 2015"]
[Site "Undeloh-Wesel"]
[Date "2015.07.20"]
[Round "2.5"]
[White "Schneider, Alexander"]
[Black "Niemann, Gerd"]
[Result "1-0"]
[WhiteElo "1981"]
[BlackElo "1756"]
[PlyCount "107"]
[EventDate "2015.??.??"]
[WhiteTeam "Wilhelmshavener SC"]
[BlackTeam "SV Bad Essen"]

1. d4 d6 2. e4 Nf6 3. Nc3 c6 4. Bd3 e5 5. Nge2 Bg4 6. f3 Bh5 7. Be3 Nbd7 8. Qd2
h6 9. a3 exd4 10. Nxd4 Ne5 11. Be2 d5 12. exd5 Nxd5 13. O-O-O Bc5 14. Na4 Be7
15. Kb1 Bg6 16. f4 Nd7 17. f5 Bh7 18. g4 O-O 19. Nf3 Nxe3 20. Qxe3 Re8 21. Bc4
Bf6 22. Qb3 Re7 23. Qxb7 Qc8 24. Ba6 Qe8 25. Qxc6 Ne5 26. Nxe5 Rxe5 27. Qxe8+
Raxe8 28. Bd3 Ra5 29. b3 Rb8 30. Kc1 Bg5+ 31. Rd2 Re5 32. Kd1 Bxd2 33. Kxd2 g6
34. fxg6 fxg6 35. b4 g5 36. Nc5 Bxd3 37. cxd3 Rf8 38. d4 Rf2+ 39. Kc3 Re3+ 40.
Kc4 Rxa3 41. d5 Rc2+ 42. Kb5 Rd2 43. Kc6 Kf7 44. Rf1+ Ke7 45. Re1+ Kf7 46. d6
a5 47. b5 Rc3 48. b6 Rxc5+ 49. Kxc5 Rc2+ 50. Kb5 Rb2+ 51. Kxa5 Ra2+ 52. Kb5
Rb2+ 53. Kc6 Rc2+ 54. Kd7 1-0

[Event "49. NSV Sen-EM 2015"]
[Site "Undeloh-Wesel"]
[Date "2015.07.20"]
[Round "2.6"]
[White "Gerhardt, Peter-Michael"]
[Black "Stummeyer, Dieter"]
[Result "1/2-1/2"]
[WhiteElo "1827"]
[BlackElo "1742"]
[PlyCount "47"]
[EventDate "2015.??.??"]
[WhiteTeam "SC Vahr"]
[BlackTeam "SG Garbsen/Marienwerder"]

1. d4 Nf6 2. c4 e6 3. Nc3 d5 4. Bg5 Be7 5. e3 O-O 6. Nf3 b6 7. cxd5 exd5 8. Be2
Bb7 9. O-O Nbd7 10. Rc1 Rc8 11. Ne5 Nxe5 12. dxe5 Ne4 13. Bxe7 Qxe7 14. f4 Nxc3
15. Rxc3 c5 16. Bf3 Rfd8 17. Qc1 d4 18. exd4 Bxf3 19. Rfxf3 Rxd4 20. Rfd3 Rcd8
21. Qd1 Qd7 22. Rxd4 Qxd4+ 23. Qxd4 Rxd4 24. Rf3 1/2-1/2

[Event "49. NSV Sen-EM 2015"]
[Site "Undeloh-Wesel"]
[Date "2015.07.20"]
[Round "2.7"]
[White "Cordes, Lothar"]
[Black "Pundt, Wilfried"]
[Result "1-0"]
[WhiteElo "1773"]
[BlackElo "1771"]
[PlyCount "95"]
[EventDate "2015.??.??"]
[WhiteTeam "SF Lilienthal"]
[BlackTeam "SK Bremen-Nord"]

1. d4 Nf6 2. Nf3 e6 3. c4 c5 4. Nc3 Be7 5. d5 exd5 6. cxd5 d6 7. e4 Nbd7 8. Be2
O-O 9. O-O h6 10. h3 a6 11. a4 b6 12. Bf4 Re8 13. Nd2 Nf8 14. Bh2 Ng6 15. f4
Bf8 16. Qc2 Bd7 17. Bd3 Qc8 18. Nc4 Rb8 19. e5 Nh7 20. e6 Rxe6 21. dxe6 Bxe6
22. f5 Bxc4 23. Bxc4 Ne5 24. Bxe5 dxe5 25. f6 Nxf6 26. Rxf6 gxf6 27. Qg6+ Bg7
28. Qxf7+ Kh8 29. Be6 Qe8 30. Rd1 Qxf7 31. Bxf7 Kh7 32. Rd6 Rb7 33. Bd5 Rb8 34.
Be4+ Kg8 35. Nd5 b5 36. a5 Rf8 37. Ne7+ Kf7 38. Nf5 Bh8 39. Rxa6 Kg6 40. h4 Rd8
41. Rd6 Rf8 42. a6 Rf7 43. Rd8 Ra7 44. Nd6+ Kg7 45. Ra8 Rd7 46. Nf5+ Kh7 47.
Ne3+ Kg7 48. Rb8 1-0

[Event "49. NSV Sen-EM 2015"]
[Site "Undeloh-Wesel"]
[Date "2015.07.20"]
[Round "2.8"]
[White "Fehsenfeld, Kurt"]
[Black "Buck, Klaus-Michael"]
[Result "0-1"]
[WhiteElo "1574"]
[BlackElo "1603"]
[PlyCount "55"]
[EventDate "2015.??.??"]
[WhiteTeam "SF Achim"]
[BlackTeam "Stader SV"]

1. d4 e6 2. c4 d5 3. e3 Nf6 4. Nc3 c6 5. Nf3 Bb4 6. Bd2 Bxc3 7. Bxc3 O-O 8. b3
a5 9. c5 b6 10. cxb6 Qxb6 11. Rc1 Ne4 12. Qc2 Ba6 13. Bxa6 Nxa6 14. Ne5 Nb4 15.
Qe2 Qa6 16. Qxa6 Rxa6 17. Bxb4 axb4 18. Nd7 Rd8 19. Nc5 Nxc5 20. dxc5 Rxa2 21.
O-O Rda8 22. e4 Kf8 23. exd5 exd5 24. Rcd1 R8a5 25. Rd4 Rb5 26. Rc1 Rxc5 27. h3
Rb5 28. Rd3 0-1

[Event "49. NSV Sen-EM 2015"]
[Site "Undeloh-Wesel"]
[Date "2015.07.20"]
[Round "2.11"]
[White "Schencke, GŸnther"]
[Black "Zotin, Vladimir"]
[Result "1/2-1/2"]
[WhiteElo "1868"]
[BlackElo "1788"]
[WhiteTeam "SV Hankensbuettel"]
[BlackTeam "Wilhelmshavener SC"]

1. d4 c5 2. d5 e6 3. c4 exd5 4. cxd5 d6 5. Nc3 Nf6 6. e4 Be7 7. h3 0-0 8. Nf3 Re8 9. Bd3 Bd7 10. 0-0 Bf8 11. Bf4 a6 12. a4 Qc8 13. Nd2 Qc7 14. Nc4 b6 15. Qb3 a5 16. Qxb6 Qxb6 17. Nxb6 Ra7 18. Nc4 Na6 19. Nxd6 Bxd6 20. Bxd6 Rc8 21. e5 Ne8 22. Bxa6 Rxa6 23. Ne4 Bf5 24. Rfe1 Bxe4 25. Rxe4 Nxd6 26. exd6 Rxd6 27. Rad1 Rcd8 28. Kf1 Kf8 29. Ke2 Rxd5 30. Rxd5 Rxd5 31. Re3 f6 32. Rd3 Re5+ 33. Re3 Rg5 34. g3 Kf7 35. f4 Rd5 36. Rb3 Rd4 37. Rb7+ Kg6 38. b3 c4 39. b4 c3 40. bxa5 Rxa4 41. Rc7 Rxa5 42. Rxc3 h5 43. Kf3 h4 44. g4 Ra2 45. Re3 Rb2 46. Ke4 Rg2 47. Kf3 Rh2 48. Ke4 Rf2 49. Rf3 Rg2 51. Re3 Kf7 52. f5 g5 53. fxg6+ Kxg6 54. Rf3 1/2-1/2

[Event "49. NSV Sen-EM 2015"]
[Site "Undeloh-Wesel"]
[Date "2015.07.20"]
[Round "2.13"]
[White "Kleinschmidt, Norbert"]
[Black "Wraga, Hermann"]
[Result "1-0"]
[WhiteElo "1683"]
[BlackElo "1694"]
[PlyCount "17"]
[EventDate "2015.??.??"]
[WhiteTeam "TSV Gnarrenburg"]
[BlackTeam "SG Osnabrueck"]

1. d4 f5 2. e3 g6 3. Bc4 Nf6 4. h4 d5 5. Bb3 h6 6. c4 c6 7. cxd5 cxd5 8. Nc3 e6 9. Nf3 Ng4 10. Ne5 Nxe5 11. dxe5 a6 12. g4 b5 13. gxf5 gxf5 14. Qh5+ Kd7 15. Bd2 Bb7 16. Nxd5 Be7 17. Rc1 Nc6 18. Nf4 Qe8 19. Bxe6+ Kc7 20. Qxe8 Raxe8 21. Bf7 Rd8 22. Ne6+ Kb8 23. Rg1 Rxd2 24. Kd2 Bb4+ 25. Ke2 Nxe5 26. Bh5 Be4 27. Nf4 Rd8 28. Rgd1 Rg8 29. f3 Bb7 30. a3 Be7 31. Rh1 Nc4 32. Rxc4 bxc4 33. Bf7 Rg3 34. Bd5 c3 35. bxc3 Bxd5 36. Nxd5 Bxa3 37. Ra1 Bc5 38. Rxa6 Rg7 39. Rxh6 Rf7 40. h5 Kb7 41. Rg6 Bf8 42. Rf6 Rxf6 43. Nxf6 Bg7 44. Nd5 Kc6 45. c4 Kc5 46. Kd3 Bf8 47. Nf4 Kc6 48. Ne6 Bh6 49. Nd4+ 1-0

[Event "49. NSV Sen-EM 2015"]
[Site "Undeloh-Wesel"]
[Date "2015.07.20"]
[Round "2.14"]
[White "Wraga, Teresa"]
[Black "Weczerek, Dieter"]
[Result "1/2-1/2"]
[WhiteElo "1808"]
[BlackElo "1647"]
[PlyCount "7"]
[EventDate "2015.??.??"]
[WhiteTeam "SG Osnabrueck"]
[BlackTeam "SC Wolfsburg"]

1. e4 d6 2. Nc3 e5 3. g3 Nc6 4. Bg2 Be6 5. Nge2 Be7 6. 0-0 Qc8 7. d4 exd4 8. Nxd4 Nxd4 9. Qxd4 Bf6 10. Qd1 Bh3 11. Nd5 Bxg2 12. Kxg2 Qd7 13. c3 h5 14. h3 c6 15. Ne3 0-0-0 16. Qa4 Kb8 17. Rd1 Qe6 18. Nf5 d5 19. f3 Ne7 20. Nxe7 Bxe7 21. Bf4+ Ka8 22. Re1 Bc5 23. exd5 Qxd5 1/2-1/2

[Event "49. NSV Sen-EM 2015"]
[Site "Undeloh-Wesel"]
[Date "2015.07.21"]
[Round "3.1"]
[White "Jentsch, Dieter"]
[Black "Schneider, Alexander"]
[Result "1-0"]
[WhiteElo "2046"]
[BlackElo "1981"]
[PlyCount "69"]
[EventDate "2015.??.??"]
[WhiteTeam "SC Wolfsburg"]
[BlackTeam "Wilhelmshavener SC"]

1. e4 c6 2. Nf3 d5 3. Nc3 dxe4 4. Nxe4 g6 5. d4 Bg7 6. Bc4 Nf6 7. Nxf6+ Bxf6 8.
Bg5 Bxg5 9. Nxg5 Qa5+ 10. Qd2 Qxd2+ 11. Kxd2 O-O 12. Rae1 e6 13. h4 h6 14. Ne4
Rd8 15. c3 Nd7 16. Kc1 b5 17. Bb3 a5 18. f4 h5 19. Rhg1 Kg7 20. g4 hxg4 21.
Rxg4 Nf6 22. Nxf6 Kxf6 23. Re5 Rh8 24. a4 Bd7 25. c4 bxc4 26. Bxc4 c5 27. Rxc5
Bxa4 28. b3 Bd7 29. Be2 Rhd8 30. Rcg5 a4 31. b4 Ke7 32. Kb2 Kd6 33. Rc5 Rh8 34.
h5 gxh5 35. Rh4 1-0

[Event "49. NSV Sen-EM 2015"]
[Site "Undeloh-Wesel"]
[Date "2015.07.21"]
[Round "3.4"]
[White "Krneta, Slavko"]
[Black "Cordes, Lothar"]
[Result "1-0"]
[WhiteElo "1805"]
[BlackElo "1762"]
[PlyCount "67"]
[EventDate "2015.??.??"]

1. e4 e5 2. Nf3 Nc6 3. Bc4 Nf6 4. Ng5 d5 5. exd5 b5 6. Bb3 Nd4 7. O-O Nxb3 8.
axb3 Qxd5 9. Nc3 Qc5 10. Qe2 Bd6 11. Qxb5+ Qxb5 12. Nxb5 Bd7 13. Nxd6+ cxd6 14.
d3 O-O 15. Ra6 Rfc8 16. c3 Rc6 17. Ra3 Bf5 18. Rd1 h6 19. Nf3 Bg4 20. Be3 Bxf3
21. gxf3 a6 22. b4 Nd5 23. b5 Nxe3 24. fxe3 Rb6 25. c4 d5 26. b3 dxc4 27. bxc4
a5 28. Kf2 Kf8 29. Rda1 Rd8 30. Rc3 Ra8 31. Rb1 Rab8 32. Ra3 Rd8 33. c5 Rf6 34.
b6 1-0

[Event "49. NSV Sen-EM 2015"]
[Site "Undeloh-Wesel"]
[Date "2015.07.21"]
[Round "3.5"]
[White "Buck, Klaus-Michael"]
[Black "Piehl, Reinhard"]
[Result "0-1"]
[WhiteElo "1603"]
[BlackElo "1819"]
[PlyCount "160"]
[EventDate "2015.??.??"]
[WhiteTeam "Stader SV"]
[BlackTeam "SC Sottrum"]

1. Nf3 c5 2. b3 d5 3. e3 Nc6 4. Bb5 a6 5. Bxc6+ bxc6 6. Ne5 Qd6 7. Bb2 Nf6 8.
O-O g6 9. d4 cxd4 10. exd4 Bg7 11. Ba3 Qc7 12. Nd2 O-O 13. Re1 Re8 14. Rc1 Nd7
15. Nxd7 Qxd7 16. Bc5 a5 17. c4 Ba6 18. cxd5 cxd5 19. Qf3 e6 20. Nf1 a4 21. b4
Rac8 22. a3 Rc6 23. Qd1 Bb5 24. Nd2 f6 25. Nb1 Ra6 26. Nc3 Bc4 27. Rb1 Rb8 28.
Qg4 Qf7 29. Qg3 Rb7 30. Qe3 e5 31. f3 h5 32. Qf2 Kh7 33. Nd1 e4 34. fxe4 dxe4
35. Nb2 Bd5 36. Nd1 f5 37. Qf1 Bc4 38. Qf2 Qd7 39. Nb2 Bd5 40. Qe2 Re6 41. Qc2
Bb3 42. Qf2 Bh6 43. Nd1 f4 44. Nc3 e3 45. Qf3 Rb8 46. Rb2 Rd8 47. Ne2 Bd5 48.
Qh3 Qf7 49. Nc3 Bb3 50. Qf3 g5 51. h3 Bg7 52. Nd1 Bxd4 53. Bxd4 Rxd4 54. Nxe3
Rxe3 55. Rxe3 fxe3 56. Qxe3 Rd1+ 57. Kh2 Qf4+ 58. Qxf4 gxf4 59. Rf2 Ra1 60.
Rxf4 Rxa3 61. Rf5 Kg6 62. Ra5 Ra2 63. h4 Bd1 64. Rg5+ Kf6 65. b5 Rb2 66. Rd5
Bf3 67. Rg5 Ke6 68. Rg6+ Kf7 69. Ra6 Rxg2+ 70. Kh3 Rg4 71. Ra7+ Ke6 72. b6 Rb4
73. Kg3 Bc6 74. Rh7 Rb5 75. Rh6+ Kd7 76. Rh7+ Kd6 77. Rh6+ Kc5 78. Rxh5+ Kxb6
79. Rh6 a3 80. Rf6 a2 0-1

[Event "49. NSV Sen-EM 2015"]
[Site "Undeloh-Wesel"]
[Date "2015.07.21"]
[Round "3.7"]
[White "Niemann, Gerd"]
[Black "Grimm, Uwe"]
[Result "0-1"]
[WhiteElo "1756"]
[BlackElo "2062"]
[PlyCount "52"]
[EventDate "2015.??.??"]
[WhiteTeam "SV Bad Essen"]
[BlackTeam "Breloher SC"]

1. e4 Nc6 2. Nf3 d6 3. Bc4 Nf6 4. Nc3 Bg4 5. d4 e5 6. dxe5 Nxe5 7. Bb3 Be7 8.
h3 Nxf3+ 9. gxf3 Bh5 10. Qd3 c6 11. Bf4 Qc7 12. Rg1 O-O 13. O-O-O Rad8 14. Rg5
Bg6 15. Rdg1 Nh5 16. Rxh5 Bxh5 17. Qd4 Bg6 18. Qxa7 Qd7 19. Ne2 c5 20. Bd5 Bf6
21. Qb6 Qxh3 22. Bxd6 Qxf3 23. Bxf8 Rxf8 24. Kd2 Qxf2 25. c3 Bh5 26. Qb5 Bxe2
0-1

[Event "49. NSV Sen-EM 2015"]
[Site "Undeloh-Wesel"]
[Date "2015.07.22"]
[Round "4.1"]
[White "Dr. Adibekian, Roubik"]
[Black "Jentsch, Dieter"]
[Result "1-0"]
[BlackElo "2046"]
[WhiteElo "2055"]
[WhiteTeam " Hannover 96"]
[BlackTeam "SC Wolfsburg"]

1. d4 d5 2. Nf3 Nf6 3. c4 c6 4. g3 dxc4 5. Bg2 Nbd7 6. O-O Nb6 7. Qc2 g6 8. e4 Bg4 9. Be3 Bg7 10. Ne5 O-O 11. h3 Be6 12. Na3 Nfd7 13. Nexc4 Nxc4 14. Nxc4 Nb6 15. Nxb6 axb6 16. Rfd1 Qc8 17. Kh2 c5 18. d5 Bd7 19. a4 Ra5 20. Ra3 Qa8 21. Rda1 Rc8 22. Bd2 Ra7 23. Qb3 Bd4 24. f4 c4 25. Qc2 Bc5 26. R3a2 b5 27. Kh1 Bf2 28. Qc3 bxa4 29. f5 Ra6 30. Rf1 Bc5 31. Bh6 f6 32. fxg6 hxg6 33. e5 Qa7 34. Qc2 Bf5 35. Rxf5 gxf5 36. Qxf5 fxe5 37. Qxc8+ Kh7 38. Qf8 Rg6 39. Be4 Rxh6 40. Qf7+ Rg6 41. Qxg6+ Kh8 1-0

[Event "49. NSV Sen-EM 2015"]
[Site "Undeloh-Wesel"]
[Date "2015.07.22"]
[Round "4.2"]
[White "Krneta, Slavko"]
[Black "Kiselev, Alexander"]
[Result "1-0"]
[BlackElo "1984"]
[WhiteElo "1826"]
[WhiteTeam "FG Wohlde"]
[BlackTeam " Hannover 96"]

1. e4 e5 2. Nf3 Nc6 3. Bc4 Nf6 4. d3 d5 5. exd5 Nxd5 6. Nc3 Bb4 7. Bxd5 Qxd5 8. O-O Bxc3 9. bxc3 Bg4 10. c4 Qd6 11. h3 Bxf3 12. Qxf3 O-O 13. Bb2 Qb4 14. Rab1 Qa4 15. Qe2 Rfe8 16. Bc3 b6 17. Rfe1 Re6 18. Qd2 Rae8 19. f3 h6 20. Qf2 a5 21. Rb2 Qa3 22. Rb3 Qd6 23. Rb5 Nd4 24. Rb2 f5 25. Rf1 c5 26. Re1 e4 27. Bxd4 cxd4 28. f4 Kh7 29. Rb5 e3 30. Qf3 g6 31. Re2 Qa3 32. Qd5 Qc1+ 33. Kh2 Qf1 34. Rxb6 Qxf4+ 35. Kg1 R6e7 36. Rb1 Qe5 37. Qxe5 Rxe5 38. g3 Rf8 39. Rf1 g5 40. Kg2 Rb8 41. c3 dxc3 42. Rc1 Rb2 43. Kf3 Rxe2 44. Kxe2 f4 45. gxf4 gxf4 46. d4 Re4 47. c5 Rxd4 48. Rxc3 Kg6 49. c6 Rd8 50. Rc5 Rd2+ 51. Kf3 Rf2+ 52. Kg4 e2 53. Re5 h5+ 54. Kh4 Kf6 55. Re8 Rf3 56. Rxe2 Rc3 57. Rb2 Kf5 58. Rb5+ Ke4 59. Rxa5 Rxc6 60. Kxh5 f3 61. Kg5 f2 62. Rf5 Rc5 63. Rxc5 f1=Q 64. Rc2 Qxh3 65. Rc4+ Kd5 66. Ra4 Qe3+ 67. Kh4 Qf2+ 68. Kg5 Kc5 69. a3 Qg3+ 70. Kh6 Qb3 71. Ra5+ Kb6 72. Rg5 Qxa3 73. Kg6 Kc6 74. Kf6 Kd6 75. Rg6 Qf3+ 76. Kg5+ Ke5 77. Ra6 Qf4+ 78. Kh5 Qf7+ 79. Kh6 Qc7 80. Kg6 Qc2+ 81. Kh6 Qd2+ 82. Kg7 Qe2 83. Ra5+ Ke6 84. Rg5 Qb2+ 85. Kh6 Qc3 86. Kg6 Qe3 { ZeitŸberschreitung }  1-0